000 00907cam a22002294a 4500
999 _c1386
_d1386
003 CoMeUDC
005 20210623131235.0
008 040615s2002 ck fr 000 0 spa d
020 _a9586555326
040 _cCO-UdeCO
092 0 4 _a808.4
_bD542
100 0 _aDíaz, Álvaro
_91726
245 1 3 _aLa argumentación escrita
_c / Alvaro Díaz
260 _aMedellín :
_bEditorial Universidad de Antioquía,
_c2015.
300 _a145 p. :
_c23 cm.
504 _aIncluye bibliografía.
505 _aArgumentación, persuación, demostración. La argumentación discursiva- Silogística y argumentación. El ensayo argumentativo. Organización retórica de un ensayo argumentativo. Estructura de un argumento. Falacias argumentativas. Análisis de argumentos y falacias.
650 0 _aArte de escribir
_91727
650 4 _aRetórica
650 0 _aArgumentación
_91728
_xTexto escrito
942 _2ddc
_cBK